Responses for Show #6024 - Thursday, November 18, 2010

2010-B College Championship final game 1.

Contestants

[<< previous game]

Sam Spaulding, a sophomore from Yale University from Wilmington, North Carolina

Hans von Walter, a junior from Southern Adventist University from Avon Park, Florida

Erin McLean, a sophomore from Boston University from Danvers, Massachusetts

[next game >>]

Jeopardy! Round responses

IT HAPPENED IN THE PAST
WIDE WORLD OF WEIRD SPORTS
RAW FOOD
PLANES, TRAINS & AUTOMOBILES
OFFICIAL STATE STUFF
THAT'S JUST WRONG
    $200 1
(Erin: Who is Thurmond?)

Nelson Mandela

Erin
Triple Stumper
    $200 14
(Hans: What is the ball?)

one's breath

Hans
Triple Stumper
    $200 6
steak

Erin
    $200 11
San Francisco

Sam
    $200 22
the maple

Erin
    $200 17
slip

Sam
    $400 2
(Saddam) Hussein

Sam
    $400 27
(Sam: What is cleaning?)

ironing

Sam
Triple Stumper
    $400 7
pizza

Erin
    $400 12
Rolls-Royce

Sam
    $400 23
the cardinal

Sam
    $400 18
fault

Sam
    $600 3
(Hans: What are taxes?)
(Sam: What are tariffs?)

salaries

HansSam
Triple Stumper
    $600 28
volleyball

Erin
    $600 8
potatoes

Erin
    $600 13
Volkswagen

Erin
    $600 24
onion

Hans
    $600 19
false

Sam
    $800 4
Oliver Cromwell

Erin
    $800 29
worms

Sam
    $800 9
eggs

Erin
    $800 15
the Concorde

Erin
    $800 25
rights

Erin
    $800 20
Mistaken

Erin
    $1,000 5
the Suez Canal

Erin
    $1000 30
catfish

Triple Stumper
    $1000 10
sashimi

Erin
    $1000 16
McDonnell

Sam
    $1000 26
(Hans: What is salmon?)

trout

Hans
Triple Stumper
    $1000 21
error

Sam

Scores at the first commercial break (after clue 13):

Erin Hans Sam
$5,200 -$600 $400

Scores at the end of the Jeopardy! Round:

Erin Hans Sam
$8,400 -$1,200 $4,400

Double Jeopardy! Round responses

PEOPLE & PLACES
MUSIC ALIASES
THE AGE OF CHIVALRY
MATH SYMBOLS
19th CENTURY LITERARY CHARACTERS
LONG ONE-SYLLABLE WORDS
    $400 2
a chief

Erin
    $400 3
(Sam: Who is Alicia Keys?)

Pink

ErinSam
    $400 17
sum them (or add them)

Erin
    $400 12
Rip Van Winkle

Sam
    $400 26
strained

Erin
    $800 4
Lady Gaga

Erin
    $800 16
less than or equal to

Sam
    $800 11
Simon Legree

Sam
    $800 27
[The end-of-round signal sounds]

squeaked

Triple Stumper
    $1200 25
(Erin: What is Siberia?)
(Hans: What is Chechnya?)

the Caucasus

ErinHans
Triple Stumper
    $1200 5
B.o.B.

Sam
    $1200 24
(Erin: What is a belt?)
(Alex: Good.)
(Erin: PEOPLE & PLACES for twelve.)
(Alex: Wait, wait, wait. [Looks to judges' table])
[A voice calls from offstage.]
(Alex: She--no. Sam?)
(Sam: What's a shirt?)
...
(Alex: I'm losing my hearing. Erin, I thought you said, "What is [*]?" You said, "What is a belt?")
(Erin: [Laughs] Yeah.)
(Alex: I am losing my hearing, ladies and gentlemen. We have less than a minute to go, now, Erin, and you are still in command of the board.)

a vest

ErinSam
Triple Stumper
    $1200 15
absolute value

Erin
    $1200 10
Porthos

Sam
    $1200 23
(Erin: What is a drought?)

droughts

Erin
Triple Stumper
    $1600 1
(Hans: What are midlands?)

mountain tops

Hans
Triple Stumper
    $1600 6
Bowie

Erin
    $1600 20
a lance

Sam
    $1600 13
plus or minus

Erin
    $1600 8
Tweedledee and Tweedledum

Sam
    $1600 18
deutsch

Erin
    $2000 22
(Hans: What is Turkey?)

Yemen

ErinHans
    $2000 7
Axl Rose

Sam
    $2000 21
chevalier

Sam
    $3,200 14
multiply it

Erin
    $2000 9
Jude the Obscure

Erin
    $2000 19
strength

Erin

Scores at the end of the Double Jeopardy! Round:

Erin Hans Sam
$22,400 -$6,000 $14,400

Final Jeopardy! Round responses

EUROPEAN COUNTRIES
SamWhat is Slovakia?
$10,000
ErinWhat is Switzerland?
$6,401
Austria

Final scores:

Erin Hans Sam
$15,999 -$6,000 $4,400

Game dynamics:

Coryat scores:

Erin Hans Sam
$21,200 -$6,000 $14,400
26 R
(including 2 DDs),
4 W
1 R,
6 W
19 R,
4 W

Combined Coryat: $29,600

[game clues] [game scores] [suggest correction]

Game tape date: 2010-10-19
The J! Archive is created by fans, for fans. Scraping, republication, monetization, and malicious use prohibited; this site may use cookies and collect identifying information. See terms. The Jeopardy! game show and all elements thereof, including but not limited to copyright and trademark thereto, are the property of Jeopardy Productions, Inc. and are protected under law. This website is not affiliated with, sponsored by, or operated by Jeopardy Productions, Inc. Join the discussion at JBoard.tv.